000 00830nam a22002295i 4500
001 170340
003 ES-MaACL
005 20250716062540.0
008 090225s1982 ger |||| | fre d
020 _a3-7957-3688-9
080 _a782.1
100 1 _aReimann, Aribert.
_9139528
245 1 0 _aLear
_b: opéra en deux parties d'après William Shakespeare /
_cAribert Reimann ; arrangement de Claus H. Henneberg ; version française de Antoinette Becker.
260 _aMain :
_bSchott,
_c[1982]
300 _a32 p. ;
_c20 cm.
650 1 4 _aÓperas-
_vLibretos.
_9137584
700 1 _aShakespeare, William,
_d1564-1616
_9105992
700 1 _aHenneberg, Claus H.
_9139529
700 1 _aBecker, Antoinette.
_9139530
852 _aES-MaACL
_j2249-F-23
_9R.140873
_z.- Biblioteca Jacinto Martínez Lacalle
999 _c170340
_d170340